| 000 | 00358nam a22001337a 4500 | ||
|---|---|---|---|
| 008 | 230619b xxu||||| |||| 00| 0 eng d | ||
| 020 | _a066424937X | ||
| 082 |
_a301.44 _bFRI |
||
| 100 | _cMurray Friedman | ||
| 245 | _aOvercomming middle class rage | ||
| 260 |
_aphiladelphia, pennyslvania _bMCMLXXI the westnibster press |
||
| 300 | _a383p | ||
| 942 |
_2ddc _cBK |
||
| 999 |
_c1259 _d1259 |
||